000
00305cam a22001217a 4500
008
180718b1944 xxu||||| |||| 00| 0 eng d
082
_a
AA7 C69
100
_a
Collier, Laurence
245
_a
Flight from conflict
_c
by Laurence Collier
260
_a
London
_b
Watts
_c
1944
300
_a
84p.
650
_a
Ethics
999
_c
362799
_d
362799